Nakupujeme na internete ?

Ako sa rozvíja e-biznis na Slovensku. Tržby e-shopov a e-obchodných centier narastajú. Konkurencia. Možnosti rozšírenia ponúkaného sortimentu sú rozsiahle. Prekážky brzdiace rozvoj internetových obchodov. Marketingová podpora.

Gespeichert in:
Bibliographische Detailangaben
1. Verfasser: Doktor, Vladislav
Format: Buchkapitel
Sprache:Slowakisch
Schlagworte:
Tags: Tag hinzufügen
Keine Tags, Fügen Sie das erste Tag hinzu!

MARC

LEADER 00000naa$a2200000$$$4500
001 0028371
005 20231107123258.5
041 0 |a slo 
044 |a SK 
245 1 0 |a Nakupujeme na internete ?  |c Vladislav Doktor 
520 |a Ako sa rozvíja e-biznis na Slovensku. Tržby e-shopov a e-obchodných centier narastajú. Konkurencia. Možnosti rozšírenia ponúkaného sortimentu sú rozsiahle. Prekážky brzdiace rozvoj internetových obchodov. Marketingová podpora. 
610 2 0 |a obchod elektronický 
610 2 0 |a Slovensko 
610 2 0 |a Česko 
610 2 0 |a zákazníci 
610 2 0 |a konkurencia 
610 2 0 |a podpora predaja 
100 1 |a Doktor, Vladislav